| 000 | 00855nam a2200229 4500 | ||
|---|---|---|---|
| 001 | 139170 | ||
| 003 | ES-MaACL | ||
| 005 | 20250815151155.0 | ||
| 007 | t| | ||
| 008 | 070214s1969 mx r ||||1| spa d | ||
| 100 | 1 |
_aSariñana, Isidoro. _9103817 |
|
| 245 | 1 | 3 |
_aLa Catedral de México en 1668 / _cIsidoro Sariñana ; edición de Francisco de la Maza. |
| 250 | _a2ª. ed. | ||
| 260 |
_aMéxico : _bUniversidad Nacional Autónoma, _c1969. |
||
| 300 |
_a56 p., 2 lám. ; _c23 cm. |
||
| 500 | _aSuplemento 2º del número 37 de los `Anales del Instituto de Investigaciones Estéticas`. | ||
| 700 | 1 |
_aMaza, Francisco de la. _979450 |
|
| 710 | 2 |
_aUniversidad Nacional Autónoma de México. _97397 |
|
| 710 | 2 |
_aInstituto de Investigaciones Estéticas (México) _94970 |
|
| 852 |
_aES-MaACL _j2072-F-16 _bR.70518 |
||
| 999 |
_c139170 _d139170 |
||